000 00737nam a22002297a 4500
005 20170124110112.0
010 _aB-158492
020 _c300.00
_a9788189233037
035 _aB-158492
037 _bCen Lib/Ret
040 _aDPL
_bEN
082 _a921
_bJAN
100 _aJanak Raj Jai
_96834
245 _aSonia's foreign origin :
_cby Janak Raj Jai [and] Rajiv Jai
_ba non-issue /
260 _aNew Delhi
_bRegency Publications
_c2004
270 _bNew Delhi
_a20/36-G, Old Market, West Patel Nagar
_e110008
300 _ax,158p.
_c22cm(Hb)
650 _aGandhi, Sonia, -- 1946-
_929206
650 _aIndia -- Politics and government -- 1977-
_937
700 _aRajiv Jai
_929207
942 _2ddc
_cEN
_h921
_mJAN
999 _c130439
_d130439